Sustainable horizons for business, education, and technology (Record no. 4462)

MARC details
000 -CABECERA
campo de control de longitud fija 05076nam a22003975i 4500
001 - NÚMERO DE CONTROL
campo de control 991107399290406196
005 - FECHA Y HORA DE LA ÚLTIMA TRANSACCIÓN
campo de control 20251008180004.0
006 - CÓDIGOS DE INFORMACIÓN DE LONGITUD FIJA--CARACTERÍSTICAS DEL MATERIAL ADICIONAL
campo de control de longitud fija m o d |
007 - CAMPO FIJO DE DESCRIPCIÓN FÍSICA--INFORMACIÓN GENERAL
campo de control de longitud fija cr cnu||||||||
008 - DATOS DE LONGITUD FIJA--INFORMACIÓN GENERAL
campo de control de longitud fija 240621s2024 si | o |||| 0|eng d
020 ## - NÚMERO INTERNACIONAL ESTÁNDAR DEL LIBRO
Número Internacional Estándar del Libro 9789819729807
035 ## - NÚMERO DE CONTROL DEL SISTEMA
Número de control de sistema (MiAaPQ)EBC31500287
035 ## - NÚMERO DE CONTROL DEL SISTEMA
Número de control de sistema (Au-PeEL)EBL31500287
035 ## - NÚMERO DE CONTROL DEL SISTEMA
Número de control de sistema (CKB)32322834700041
035 ## - NÚMERO DE CONTROL DEL SISTEMA
Número de control de sistema (DE-He213)978-981-97-2981-4
035 ## - NÚMERO DE CONTROL DEL SISTEMA
Número de control de sistema (EXLCZ)9932322834700041
040 ## - FUENTE DE LA CATALOGACIÓN
Centro catalogador/agencia de origen MiAaPQ
Lengua de catalogación eng
Normas de descripción rda
-- pn
Centro/agencia transcriptor MiAaPQ
Centro/agencia modificador MiAaPQ
041 ## - CÓDIGO DE LENGUA
Código de lengua del texto/banda sonora o título independiente eng
050 #4 - SIGNATURA TOPOGRÁFICA DE LA BIBLIOTECA DEL CONGRESO
Número de clasificación GE196
245 10 - MENCIÓN DE TÍTULO
Título Sustainable horizons for business, education, and technology
Resto del título : interdisciplinary Insights
Mención de responsabilidad, etc. / edited by Hashem Alshurafat, Allam Hamdan, John Sands.
260 ## - PUBLICACIÓN, DISTRIBUCIÓN, ETC.
Lugar de publicación, distribución, etc. Singapore :
Nombre del editor, distribuidor, etc. Springer Nature Singapore, an imprint of Springer,
Fecha de publicación, distribución, etc. 2024.
300 ## - DESCRIPCIÓN FÍSICA
Extensión xii, 288 pages :
Otras características físicas illustrations, tables, charts (chiefly black and white) :
Dimensiones 24 cm.
490 ## - MENCIÓN DE SERIE
Mención de serie Contributions to Environmental Sciences & Innovative Business Technology,
Número Internacional Normalizado para Publicaciones Seriadas 2731-8311
505 0# - NOTA DE CONTENIDO CON FORMATO
Nota de contenido con formato A review of balanced scorecard application in public hospital setting — Critical success factors in implementing sustainable business models: the ITAL case — Earnings conference calls’ tone in just meet-beat firms: evidence from the UK — Economic sustainability through IPSAS: a global perspective — ESG reporting: impacts, benefits and challenges — Green marketing strategies: research agenda for sustainable consumer behavior and corporate responsibility — Size as a motive for bank window dressing: evidence from an emerging economy — Strengths and weaknesses of integrated reporting: a comprehensive literature review — The impact of Jordanian tourism website performance on online purchase intention: review — Sustainability in education — Outstanding support for students becoming a social entrepreneurship course — Environmental orientation and sustainable innovation performance: the role of dynamic capabilities — Mapping the landscape of sustainable finance: a Scopus based bibliometric analysis — Shedding light on the link: salient stakeholder theory and sustainability connections — Accounting in the digital era: does big data add value? — Driving sustainability forward: do fintech and digital transformation matter? — Factors affecting big data analytics in Jordanian commercial banks — Investigating firm-generated content's influence on digital marketing effectiveness in private hospitals — A Jordanian perspective — Sustainability practices within fin-tech firms: a literature review — The impact of information and communications technology (ICTS) on food security in Jordan — The moderating role of accountant’s capability on the relationship ais and the quality of financial reporting: a literature review.
520 ## - SUMARIO, ETC.
Sumario, etc. This book offers a detailed analysis of the intersection of sustainability, innovation, and global progress, and it comprehensively explores sustainable practices and their impact on business, education, and technology. The book shows how businesses can incorporate sustainability into their core operations, including environment-friendly supply chains, renewable energy adoption, circular economy models, ethical decision-making, and sustainable growth strategies. Successful sustainable businesses and the benefits of their socially responsible practices are highlighted. In addition, the book explores how education can shape a sustainable future. It is necessary to integrate the ideas of sustainability into the curricula of early childhood education to higher learning institutions to educate and empower the next generation of changemakers. The role of technology in advancing sustainability efforts is also investigated, including artificial intelligence, blockchain, clean energy solutions, green architecture, and smart cities. Other topics explored in the book include global sustainability efforts such as international collaborations, public-private partnerships, and multilateral initiatives; the role of governments, NGOs, and international organizations in promoting sustainable development; ethical considerations and social impacts of sustainable practices, for example, social justice, inclusivity, and environmental stewardship; connections between sustainable development and improved quality of life; and groundbreaking ideas and innovations for industries to tackle sustainability issues. The book offers a comprehensive and forward-looking perspective on sustainability. By combining different viewpoints, the book empowers readers with the knowledge and inspiration to contribute meaningfully to a more sustainable, inclusive, and resilient world.
650 #0 - PUNTO DE ACCESO ADICIONAL DE MATERIA--TÉRMINO DE MATERIA
Término de materia o nombre geográfico como elemento de entrada Sustainability
9 (RLIN) 5153
650 #0 - PUNTO DE ACCESO ADICIONAL DE MATERIA--TÉRMINO DE MATERIA
Término de materia o nombre geográfico como elemento de entrada Business
9 (RLIN) 4291
650 #0 - PUNTO DE ACCESO ADICIONAL DE MATERIA--TÉRMINO DE MATERIA
Término de materia o nombre geográfico como elemento de entrada Management Science
9 (RLIN) 9140
650 #0 - PUNTO DE ACCESO ADICIONAL DE MATERIA--TÉRMINO DE MATERIA
Término de materia o nombre geográfico como elemento de entrada Education
9 (RLIN) 3379
650 #0 - PUNTO DE ACCESO ADICIONAL DE MATERIA--TÉRMINO DE MATERIA
Término de materia o nombre geográfico como elemento de entrada Technological innovations
9 (RLIN) 4276
650 #0 - PUNTO DE ACCESO ADICIONAL DE MATERIA--TÉRMINO DE MATERIA
Término de materia o nombre geográfico como elemento de entrada Business information services
9 (RLIN) 7450
700 ## - ENTRADA AGREGADA--NOMBRE PERSONAL
Nombre de persona Alshurafat, Hashem
9 (RLIN) 24536
Término indicativo de función/relación editor
700 ## - ENTRADA AGREGADA--NOMBRE PERSONAL
Nombre de persona Hamdan, Allam
9 (RLIN) 24537
Término indicativo de función/relación editor
700 ## - ENTRADA AGREGADA--NOMBRE PERSONAL
Nombre de persona Sands, John
9 (RLIN) 24538
Término indicativo de función/relación editor
942 ## - ELEMENTOS DE ENTRADA AGREGADA (KOHA)
Fuente del sistema de clasificación o colocación Clasificación de Library of Congress
Holdings
Estado de retiro Estado de pérdida Fuente del sistema de clasificación o colocación Estado dañado No para préstamo Biblioteca de origen Biblioteca actual Fecha de adquisición Total de préstamos Signatura topográfica completa Código de barras Fecha visto por última vez Fecha del último préstamo Número de copia Precio válido a partir de Tipo de ítem Koha
    Clasificación de Library of Congress     TBS Barcelona TBS Barcelona 16/01/2025 1 GE196 ALS B05965 10/03/2025 16/01/2025 1 16/01/2025 Book

Powered by Koha